[Event "Pardubice Czech op-B 25th"]
[Site "Pardubice"]
[Date "2014.07.22"]
[Round "5"]
[White "Ordyan, Vrezh"]
[Black "Shevchenko, Tanya"]
[Result "1-0"]
[WhiteElo "2363"]
[BlackElo "2048"]
[PlyCount "87"]
[EventDate "2014.07.18"]
[EventType "swiss"]
[EventRounds "9"]
[EventCountry "CZE"]
[SourceTitle "EXT 2015"]
[Source "ChessBase"]
[SourceDate "2014.11.20"]
[SourceVersion "1"]
[SourceVersionDate "2014.11.20"]
[SourceQuality "1"]

1. e4 Nc6 2. d4 d6 3. Nf3 Nf6 4. Nc3 Bg4 5. Bb5 Nd7 6. d5 Ncb8 7. h3 Bxf3 8. Qxf3 g6 9. h4 h5 10. Bg5 Bg7 11. 0-0-0 a6 12. Be2 b5 13. Qe3 Nc5 14. a3 Nbd7 15. Na2 Qb8 16. Nb4 a5 17. Nc6 Qb7 18. e5 dxe5 19. Bxe7 b4 20. Rd2 bxa3 21. Qxa3 Ne4 22. Bf3 Nxd2 23. Kxd2 e4 24. Re1 Bxb2 25. Rxe4 Bxa3 26. Bxa3+ Ne5 27. Rxe5+ Kd7 28. Re7+ Kc8 29. d6 cxd6 30. Rxb7 Kxb7 31. Nxa5+ Kc7 32. Bxa8 Rxa8 33. Bb4 d5 34. Kd3 Re8 35. g3 f5 36. Bd2 Kb6 37. Nb3 Re5 38. Nd4 Kc5 39. Ne2 Re6 40. Nf4 Ra6 41. Be3+ Kd6 42. Nxg6 Ra3+ 43. c3 Ra1 44. Nf4 1-0

[Event "Vienna op 16th"]
[Site "Vienna"]
[Date "2009.08.22"]
[Round "8"]
[White "Ordyan, Vrezh"]
[Black "Stanec, Nikolaus"]
[Result "0-1"]
[WhiteElo "2349"]
[BlackElo "2532"]
[PlyCount "58"]
[EventDate "2009.08.15"]
[EventType "swiss"]
[EventRounds "9"]
[EventCountry "AUT"]
[SourceTitle "CBM 131 Extra"]
[Source "ChessBase"]
[SourceDate "2009.09.03"]
[SourceVersion "2"]
[SourceVersionDate "2009.09.16"]
[SourceQuality "1"]

1. e4 c5 2. Nf3 e6 3. d3 Nc6 4. g3 g6 5. Bg2 Bg7 6. 0-0 Nge7 7. c3 d5 8. a4 0-0 9. Qe2 b6 10. Na3 d4 11. cxd4 Nxd4 12. Nxd4 Qxd4 13. Nc4 Ba6 14. Be3 Qd7 15. a5 b5 16. Nd2 b4 17. Nc4 Rac8 18. Rac1 Rfd8 19. Rfd1 Bd4 20. e5 Bxe3 21. Nxe3 Kg7 22. Be4 Qd4 23. Qf3 Qxe5 24. d4 Rxd4 25. Ng4 Rxd1+ 26. Rxd1 Qxb2 27. Qf4 Be2 28. Ne5 f6 29. Nd3 Qd4 0-1

[Event "Vienna op 16th"]
[Site "Vienna"]
[Date "2009.08.18"]
[Round "4"]
[White "Srienz, Christian"]
[Black "Ordyan, Vrezh"]
[Result "0-1"]
[WhiteElo "2241"]
[BlackElo "2349"]
[PlyCount "64"]
[EventDate "2009.08.15"]
[EventType "swiss"]
[EventRounds "9"]
[EventCountry "AUT"]
[SourceTitle "CBM 131 Extra"]
[Source "ChessBase"]
[SourceDate "2009.09.03"]
[SourceVersion "2"]
[SourceVersionDate "2009.09.16"]
[SourceQuality "1"]

1. c4 b6 2. Nc3 Bb7 3. d4 e6 4. a3 f5 5. d5 Nf6 6. g3 a6 7. Bg2 b5 8. Qb3 Qc8 9. cxb5 axb5 10. Qxb5 Na6 11. Qb3 Nb4 12. Nh3 Nfxd5 13. Nxd5 Bxd5 14. Bxd5 Nxd5 15. 0-0 Bd6 16. Rd1 c6 17. Bf4 Rb8 18. Qf3 e5 19. Bc1 0-0 20. b4 Kh8 21. Bb2 Qe8 22. Rxd5 cxd5 23. Qxd5 Rb6 24. Ng5 Bb8 25. Nf3 d6 26. Rc1 h6 27. Nd4 exd4 28. Bxd4 Rb5 29. Qa2 Rb7 30. a4 Rxb4 31. Qd2 Rxd4 32. Qxd4 Qxe2 0-1

[Event "Yerevan Petrosian Memorial op"]
[Site "Yerevan"]
[Date "2004.11.26"]
[Round "8"]
[White "Kalashian, David"]
[Black "Ordyan, Vrezh"]
[Result "1-0"]
[WhiteElo "2196"]
[BlackElo "2378"]
[PlyCount "75"]
[EventDate "2004.11.18"]
[EventType "swiss"]
[EventRounds "9"]
[EventCountry "ARM"]
[SourceTitle "CBM 103 Extra"]
[Source "ChessBase"]
[SourceDate "2005.01.01"]
[SourceVersion "1"]
[SourceVersionDate "2005.01.01"]
[SourceQuality "1"]

1. e4 c6 2. d4 d5 3. Nc3 dxe4 4. Nxe4 Nf6 5. Nxf6+ exf6 6. c3 c5 7. d5 Bd6 8. Nf3 0-0 9. Be2 Re8 10. 0-0 Nd7 11. Be3 f5 12. Re1 Nf6 13. Bg5 h6 14. Bxf6 Qxf6 15. Qa4 Rd8 16. Rad1 a6 17. Qc2 Bd7 18. a3 Re8 19. c4 Re7 20. b4 Rae8 21. b5 axb5 22. cxb5 g5 23. Qd3 Re4 24. Nd2 Qe5 25. f4 Qxf4 26. g3 Qe3+ 27. Qxe3 Rxe3 28. Nc4 Bxg3 29. hxg3 Rxe2 30. Rxe2 Rxe2 31. a4 f4 32. gxf4 gxf4 33. Rd2 Bg4 34. a5 Rxd2 35. Nxd2 Bd7 36. a6 bxa6 37. bxa6 Bc8 38. d6 1-0

[Event "Paulisto-ch 1a etapa"]
[Site "Santos"]
[Date "2001.??.??"]
[Round "6"]
[White "Ordyan, Vrezh"]
[Black "Hoffman, Alejandro"]
[Result "1/2-1/2"]
[WhiteElo "2365"]
[BlackElo "2473"]
[PlyCount "108"]
[EventDate "2001.??.??"]
[EventType "swiss"]
[EventRounds "6"]
[EventCountry "BRA"]
[SourceTitle "EXT 2005"]
[Source "ChessBase"]
[SourceDate "2004.11.15"]
[SourceVersion "1"]
[SourceVersionDate "2004.11.15"]
[SourceQuality "1"]

1. e4 c5 2. Nc3 Nc6 3. Nf3 g6 4. Bc4 Bg7 5. 0-0 a6 6. Bd5 d6 7. Re1 e5 8. a3 Nge7 9. Rb1 a5 10. d3 h6 11. Nd2 0-0 12. Nc4 Nxd5 13. Nxd5 Be6 14. Nce3 b5 15. b4 cxb4 16. axb4 a4 17. c4 Nd4 18. Nc2 Nxc2 19. Qxc2 Bxd5 20. exd5 Qd7 21. Ba3 Rfc8 22. Qa2 Qf5 23. Qe2 Bf8 24. Rec1 Qd7 25. Qf3 Qf5 26. Qxf5 gxf5 27. f3 Rab8 28. Kf1 Be7 29. Ke2 Rd8 30. g3 Kg7 31. f4 exf4 32. gxf4 Bf6 33. Kf3 Bd4 34. Bb2 Bxb2 35. Rxb2 Rd7 36. Ke3 Re7+ 37. Kd4 bxc4 38. Rxc4 Ra7 39. Ra2 Rb5 40. Rc6 Rxb4+ 41. Rc4 Rxc4+ 42. dxc4 Re7 43. Rxa4 Re4+ 44. Kd3 Kf6 45. Ra6 Ke7 46. Ra7+ Ke8 47. Ra8+ Ke7 48. Rh8 Rxf4 49. Rxh6 Rf3+ 50. Kd4 Rf1 51. Rh3 Rf4+ 52. Kd3 Kf6 53. Rh8 Rf3+ 54. Kd4 Rf4+ 1/2-1/2